Documentación de antecedentes técnicos para realizar un estudio de comparación del estado actual de cuatro sistemas ópticos y fotónicos
Kaydedildi:
| Yazar: | |
|---|---|
| Diğer Yazarlar: | , , |
| Materyal Türü: | Kitap |
| Baskı/Yayın Bilgisi: |
[San José, Costa Rica]
2010
|
| Konular: | |
| Etiketler: |
Etiketle
Etiket eklenmemiş, İlk siz ekleyin!
|
MARC
| LEADER | 00000nam a2200000Ia 4500 | ||
|---|---|---|---|
| 003 | 010486 | ||
| 005 | 20221231144027.0 | ||
| 008 | 140114s2010 cr a 000 0 s d | ||
| 040 | |c cru CEDI | ||
| 090 | |a TFG 6369 | ||
| 100 | |a Arias Alpizar, Cristian |9 2535 | ||
| 245 | |a Documentación de antecedentes técnicos para realizar un estudio de comparación del estado actual de cuatro sistemas ópticos y fotónicos | ||
| 260 | |c 2010 |b [San José, Costa Rica] | ||
| 500 | |a Seminario de graduación (licenciatura en ingeniería eléctrica)--Universidad de Costa Rica. Facultad de Ingeniería. Escuela de Ingeniería Eléctrica, | ||
| 650 | |x OPTICA FISICA |x ANALISIS ESPECTRAL |x RADIACION |x RADIOMETRIA |x ESPECTROSCOPIA DE LASER |x FIBRA OPTICA |x FOTOMETRIA |x OPTOELECTRONICA |x CALIBRACION |x FOTOMETRIA |9 2539 | ||
| 700 | |9 2536 |a Arias Avendaño, Fabio Andrés | ||
| 700 | |9 2537 |a Goldoni García, Luis Diego | ||
| 700 | |9 2538 |a Ruiz Campos, David | ||
| 942 | |c TFG | ||
| 999 | |c 15822 |d 15822 | ||
